Водяные турбины. Устройство, действие и расчет: с 35 фигурами в тексте; пер. с англ.

Bibliografiset tiedot
Päätekijä: Фергюссон Ф.
Kieli:venäjä
Julkaistu: Ленинград, Наука и школа, 1928
Aiheet:
Aineistotyyppi: Kirja
KOHA link:https://koha.lib.tpu.ru/cgi-bin/koha/opac-detail.pl?biblionumber=227101

MARC

LEADER 00000nam0a2200000 4500
001 227101
005 20231101230757.0
035 |a (RuTPU)RU\TPU\book\247500 
090 |a 227101 
100 |a 20121201d1928 km y0rusy50 ca 
101 1 |a rus  |c eng 
102 |a RU 
105 |a a z 001zy 
200 1 |a Водяные турбины. Устройство, действие и расчет  |e с 35 фигурами в тексте  |e пер. с англ.  |f Ф. Фергюссон 
210 |a Ленинград  |c Наука и школа  |d 1928 
215 |a 84 с.  |c ил. 
320 |a Объяснения технических и математических терминов, встречающихся в книге: с. 80-82. 
606 1 |a Водяные турбины  |2 stltpush  |3 (RuTPU)RU\TPU\subj\3231  |9 31680 
610 1 |a гидросиловые станции 
610 1 |a сооружение 
610 1 |a устройство 
610 1 |a эксплуатация 
610 1 |a водная энергия 
610 1 |a роторы 
610 1 |a плотины 
610 1 |a водоотведение 
675 |a 621.224  |v 3 
700 1 |a Фергюссон  |b Ф. 
801 1 |a RU  |b 63413507  |c 20121201 
801 2 |a RU  |b 63413507  |c 20130215  |g RCR 
942 |c BK